Manual de historia del derecho. Tomo III, De la reforma liberal de 1871 a los gobiernos revolucionarios 1945-1954 /

Bibliographic Details
Other Authors: Escobar Menaldo, Rolando (contributor agent of text.)
Format: Electronic eBook
Language:Spanish
Published: Ciudad de Guatemala, Guatemala : Universidad Rafael Landívar, Editorial Cara Parens,c2023.
Edition:Primera edición en formato digital.
Subjects:
Online Access:Digitalia Hispánica

MARC

LEADER 00000nam a2200000Ii 4500
001 DIGCARPAR0034
003 NyNyDIG
006 m o d
007 cr |||||||||||
008 240606s2023 gt ao ob 000 0 spa d
035 |a (OCoLC)1437904356 
040 |a DGITA  |b eng  |e rda  |e pn  |c DGITA 
020 |a 9789929543935  |q edición digital  |q ePub 
043 |a ncgt--- 
050 1 4 |a KGD292 ebook 
245 0 0 |a Manual de historia del derecho.  |n Tomo III,  |p De la reforma liberal de 1871 a los gobiernos revolucionarios 1945-1954 /  |c presentación, Rolando Escobar Menaldo. 
246 3 0 |a De la reforma liberal de 1871 a los gobiernos revolucionarios 1945-1954 
250 |a Primera edición en formato digital. 
264 1 |a Ciudad de Guatemala, Guatemala :  |b Universidad Rafael Landívar, Editorial Cara Parens,c2023. 
300 |a 1 online resource :  |b illustrations, photographs. 
336 |a text  |b txt  |2 rdacontent 
337 |a computer  |b c  |2 rdamedia 
338 |a online resource  |b cr  |2 rdacarrier 
347 |a text file  |2 rdaft 
347 |b EPUB 
504 |a Includes bibliographical references. 
588 0 |a Online resource; title from ePub title page (Digitalia, viewed June 6, 2024) 
650 0 |a Law  |z Guatemala  |x History  |v Handbooks, manuals, etc. 
650 0 |a Law  |x History  |v Handbooks, manuals, etc. 
700 1 |a Escobar Menaldo, Rolando,  |e contributor agent of text. 
710 2 |a Universidad Rafael Landívar.  |b Facultad de Ciencias Jurídicas y Sociales,  |e issuing body. 
791 2 |a Digitalia (Firm),  |e distributor. 
793 0 |g Digitalia eBook Collection:  |a Editorial Cara Parens 
856 4 0 |3 Digitalia Hispánica  |u https://www.digitaliapublishing.com/a/137075/ 
910 |a Premium collection: 2024